000 00399nam a2200169Ia 4500
003 STCL
008 181203s9999 xx 000 0 und d
020 _a0216882141
040 _aSTCL
_bEN
_cSTCL
082 _222
100 _aShakespeare, William; Grose, Kenneth, Ed.
245 4 _aThe Tempest
260 _bBlackie & Son
_aLondon
_c1970
300 _a67
546 _aEnglish
942 _2ddc
_cBK
999 _c84105
_d84105